[Event "Eforie Nord op"]
[Site "Eforie Nord"]
[Date "2002.??.??"]
[Round "3"]
[White "Orlinkov, Maxim L"]
[Black "Zaim, Marian"]
[Result "1-0"]
[WhiteElo "2333"]
[BlackElo "2220"]
[PlyCount "103"]
[EventDate "2002.??.??"]
[EventType "swiss"]
[EventRounds "11"]
[EventCountry "ROM"]
[Source "Roberto Alvarez"]
[SourceDate "2003.02.10"]

1. d4 Nf6 2. c4 g6 3. Nc3 Bg7 4. Bg5 O-O 5. e3 c5 6. Nf3 d6 7. d5 a6 8. a4 Qa5
9. Nd2 e5 10. Be2 Nbd7 11. O-O Re8 12. h3 h6 13. Bh4 Nh7 14. g4 Qc7 15. Kh2
Ndf8 16. Rg1 g5 17. Bg3 f5 18. gxf5 Bxf5 19. Nde4 Nf6 20. Bd3 Nxe4 21. Bxe4 Qf7
22. Qf3 Bd7 23. Ra3 b6 24. Qxf7+ Kxf7 25. Bf3 Ke7 26. Bh5 Reb8 27. f4 Nh7 28.
Bg6 Nf8 29. Bc2 b5 30. axb5 axb5 31. Rxa8 Rxa8 32. fxe5 bxc4 33. exd6+ Kd8 34.
Rf1 Ke8 35. Bd1 g4 36. hxg4 Rb8 37. Rf2 Nh7 38. Bc2 Nf6 39. Bg6+ Kd8 40. Bh4
Bxg4 41. Ne4 Kd7 42. Nxf6+ Bxf6 43. Bxf6 Kxd6 44. e4 Rb7 45. Rd2 Rb3 46. Bc3 h5
47. e5+ Kd7 48. Rf2 Rb6 49. Bf5+ Ke8 50. Bxg4 hxg4 51. Kg3 Rg6 52. Rf4 1-0

[Event "Eforie Nord op"]
[Site "Eforie Nord"]
[Date "2002.??.??"]
[Round "6"]
[White "Zaim, Marian"]
[Black "Sinelnikov, Igor"]
[Result "0-1"]
[WhiteElo "2220"]
[BlackElo "2118"]
[PlyCount "118"]
[EventDate "2002.??.??"]
[EventType "swiss"]
[EventRounds "11"]
[EventCountry "ROM"]
[Source "Roberto Alvarez"]
[SourceDate "2003.02.10"]

1. c4 Nf6 2. Nf3 g6 3. g3 Bg7 4. Bg2 O-O 5. O-O c5 6. d3 Nc6 7. Nc3 a6 8. Rb1
Rb8 9. Bg5 d6 10. Ne1 h6 11. Bxf6 Bxf6 12. Nc2 Bd7 13. Qd2 Kh7 14. a4 Bg7 15.
e3 Qa5 16. d4 cxd4 17. exd4 Bf5 18. b4 Qc7 19. Ne4 b5 20. axb5 axb5 21. cxb5
Rxb5 22. d5 Ne5 23. Na3 Rb7 24. Rfc1 Qb6 25. h3 Bxh3 26. Nc4 Nxc4 27. Rxc4 Bf5
28. Rb3 Ra8 29. Rc6 Ra1+ 30. Kh2 Qd4 31. Qxd4 Bxd4 32. Rc4 Ba7 33. Rb2 Rd1 34.
Bf3 Rd4 35. Rxd4 Bxd4 36. Rb3 Bxe4 37. Bxe4 f5 38. Bd3 Bxf2 39. Kg2 Bb6 40. Ra3
Ra7 41. Rxa7 Bxa7 42. Bb5 Kg7 43. Be8 Kf6 44. b5 g5 45. Kf3 Ke5 46. Bd7 g4+ 47.
Kg2 Ke4 48. Be6 Bb6 49. Kh2 f4 50. gxf4 Kxf4 51. Bf7 Kg5 52. Kg2 h5 53. Kg3 h4+
54. Kg2 Kf4 55. Be6 h3+ 56. Kh1 Kg3 57. Bf5 Kh4 58. Be6 Bc5 59. b6 g3 0-1

[Event "Eforie Nord op"]
[Site "Eforie Nord"]
[Date "2002.??.??"]
[Round "11"]
[White "Zaim, Marian"]
[Black "Izraelyants, Karen"]
[Result "1/2-1/2"]
[WhiteElo "2220"]
[BlackElo "2165"]
[PlyCount "103"]
[EventDate "2002.??.??"]
[EventType "swiss"]
[EventRounds "11"]
[EventCountry "ROM"]
[Source "Roberto Alvarez"]
[SourceDate "2003.02.10"]

1. c4 c5 2. Nf3 Nf6 3. g3 Nc6 4. Bg2 d5 5. cxd5 Nxd5 6. O-O Nc7 7. Nc3 e5 8. d3
Be7 9. Be3 O-O 10. Rc1 Rb8 11. Na4 b6 12. b4 Nxb4 13. Nxe5 Bf6 14. Nc6 Nxc6 15.
Bxc6 Nd5 16. Bf4 Nxf4 17. gxf4 Bh3 18. Bg2 Bxg2 19. Kxg2 Qd6 20. Nc3 Bxc3 21.
Rxc3 Qxf4 22. Kh1 Rbd8 23. e3 Qe5 24. Ra3 Rd6 25. Rg1 Qb2 26. Rxa7 Qxf2 27. Rg3
Rh6 28. Qg1 Qxg1+ 29. Kxg1 Rd6 30. e4 g6 31. Rf3 f5 32. exf5 Rxf5 33. Rxf5 gxf5
34. Rb7 Rxd3 35. Rxb6 Kg7 36. Rc6 Rd1+ 37. Kg2 Rd2+ 38. Kg3 Rxa2 39. Rxc5 Kf6
40. Rc7 Ra3+ 41. Kf4 Ra4+ 42. Kf3 h5 43. Rc3 Kg5 44. Kg3 Rg4+ 45. Kf3 Ra4 46.
Kg3 Rb4 47. Ra3 h4+ 48. Kh3 Re4 49. Rb3 Re5 50. Ra3 f4 51. Kg2 Re2+ 52. Kf3
1/2-1/2

[Event "ROM-chT"]
[Site "Eforie Nord"]
[Date "2002.??.??"]
[Round "2"]
[White "Szabo, Gergely "]
[Black "Zaim, Marian"]
[Result "1-0"]
[WhiteElo "2250"]
[BlackElo "2220"]
[PlyCount "38"]
[EventDate "2002.??.??"]
[EventType "team"]
[EventCountry "ROM"]
[Source "Roberto Alvarez"]
[SourceDate "2003.02.03"]

1. e4 d6 2. d4 Nf6 3. Nc3 g6 4. Be3 c6 5. Qd2 b5 6. Bd3 Qa5 7. Nf3 Nbd7 8. O-O
Bg7 9. Bh6 O-O 10. e5 b4 11. Bxg7 bxc3 12. Qg5 cxb2 13. Rae1 b1=Q 14. Rxb1 Re8
15. Bh6 dxe5 16. dxe5 Nh5 17. e6 Qxg5 18. exd7 Qxh6 19. dxe8=Q+ Qf8 1-0

[Event "ROM-chT"]
[Site "Eforie Nord"]
[Date "2002.??.??"]
[Round "5"]
[White "Zaim, Marian"]
[Black "Vioreanu,  Bogdan"]
[Result "0-1"]
[WhiteElo "2220"]
[BlackElo "2354"]
[PlyCount "82"]
[EventDate "2002.??.??"]
[EventType "team"]
[EventCountry "ROM"]
[Source "Roberto Alvarez"]
[SourceDate "2003.02.03"]

1. e4 c5 2. Nf3 d6 3. g3 Nc6 4. Bg2 g6 5. O-O Bg7 6. Nc3 e5 7. d3 Nge7 8. Bg5
h6 9. Be3 O-O 10. Qd2 Kh7 11. Ne2 f5 12. Ne1 Nd4 13. Bxd4 cxd4 14. f4 Qb6 15.
Kh1 Qxb2 16. Nf3 Qb6 17. Rab1 Qc7 18. Rfc1 fxe4 19. dxe4 Be6 20. c3 d3 21. Qxd3
Bxa2 22. Rb2 Bc4 23. Qe3 b5 24. fxe5 dxe5 25. Nd2 h5 26. Ng1 Bh6 27. Qe1 a5 28.
Rd1 Bd3 29. Ndf3 Bc4 30. Nd2 a4 31. Nxc4 bxc4 32. Ra1 a3 33. Rba2 Qc5 34. Bf1
Rfb8 35. Qe2 Rb3 36. Qxc4 Qxc4 37. Bxc4 Rxc3 38. Bf1 Nc6 39. Bg2 Nb4 40. Rf2 a2
41. Rb2 Rc1 0-1

[Event "Superliga (tur)"]
[Site "?"]
[Date "2000.??.??"]
[Round "?"]
[White "Zaim, Marian"]
[Black "Mateuta Gabriel"]
[Result "0-1"]
[WhiteElo "2185"]
[BlackElo "2405"]
[Annotator "egabase 2003.CBH"]
[PlyCount "72"]
[EventDate "2000.??.??"]
[Source "b/signature.htm"]
[SourceDate "3188127.01.02"]

1. c4 e5 2. Nc3 Nc6 3. g3 g6 4. Bg2 Bg7 5. d3 d6 6. e4 Nge7 7. Nge2 h5 8. h4
Bg4 9. f3 Be6 10. Nd5 O-O 11. O-O Qd7 12. Rb1 a5 13. Bg5 f6 14. Be3 f5 15. Qd2
Kh7 16. b3 Rf7 17. a3 Raf8 18. b4 axb4 19. axb4 Nd4 20. Nxd4 exd4 21. Bg5 Nc6
22. f4 Nd8 23. Bxd8 Rxd8 24. b5 c6 25. exf5 Bxf5 26. bxc6 bxc6 27. Nb4 Rc8 28.
Rfe1 Rff8 29. Bf3 Rc7 30. Ra1 Re8 31. Rxe8 Qxe8 32. Re1 Qa8 33. Qe2 $138 Qa3
34. Nxc6 Bxd3 35. Qe6 Bf5 36. Qe8 Qxf3 0-1

[Event "Cleopatra op"]
[Site "Mamaia"]
[Date "1999.??.??"]
[Round "2"]
[White "Zaim, Marian"]
[Black "Nanu, Ciprian"]
[Result "0-1"]
[WhiteElo "2199"]
[BlackElo "2432"]
[PlyCount "51"]
[EventDate "1999.05.10"]
[EventType "swiss"]
[EventRounds "7"]
[EventCountry "ROM"]

1. c4 g6 2. Nc3 Bg7 3. g3 Nf6 4. Bg2 O-O 5. Nf3 d6 6. O-O Nc6 7. d3 a6 8. Rb1
Rb8 9. b4 b5 10. cxb5 axb5 11. a4 bxa4 12. b5 Na5 13. Qxa4 Ra8 14. Bd2 Bb7 15.
Rfc1 Nd7 16. Qb4 c5 17. bxc6 Bxc6 18. Nb5 Nc5 19. Nbd4 Bd5 20. Be3 e5 21. Nb5
Nab3 22. Rc2 Qb8 23. Bxc5 dxc5 24. Rxc5 Nxc5 25. Qxc5 Ba2 26. Rc1 0-1